00326nam a2200121Ia 4500008004100000020001500041041001200056100001800068245005500086260003900141300000800180650001600188221030s9999 xx 000 0 und d a8177585513 aEnglish aJ. B. Peatman 0aDesign With PIC Microcontrollerscby J. B. Peatman bPearson EducationaNew Delhic2013 a274 aBE Computer